书目信息 |
| 题名: |
伝语 (吴川话) 基础语音教程
|
|
| 作者: | 阿茂儿 编著 | |
| 分册: | ||
| 出版信息: | 哈尔滨 哈尔滨出版社 2021.08 |
|
| 页数: | 297页 | |
| 开本: | 24cm | |
| 丛书名: | ||
| 单 册: | ||
| 中图分类: | H178 | |
| 科图分类: | ||
| 主题词: | 粤语--yue yu--语音--教材 | |
| 电子资源: | ||
| ISBN: | 978-7-5484-5855-5 | |
| 000 | 00991nam0 2200241 450 | |
| 001 | CAL 0120217236566 | |
| 005 | 20230217093112.0 | |
| 010 | @a978-7-5484-5855-5@dCNY80.00 | |
| 100 | @a20210926d2021 em y0chiy0120 ea | |
| 101 | 0 | @achi |
| 102 | @aCN@b230000 | |
| 105 | @ay z 000yy | |
| 106 | @ar | |
| 200 | 1 | @a伝语 (吴川话) 基础语音教程@Ayun yu ( wu chuan hua ) ji chu yu yin jiao cheng@f阿茂儿编著 |
| 210 | @a哈尔滨@c哈尔滨出版社@d2021.08 | |
| 215 | @a297页@d24cm | |
| 330 | @a本书内容为: 伝语 (吴川话) 的语音基础, 包括其发音音素, 拼读方式等 ; 伝语的日常会话, 包括问候语、时间表达、购物、教育等方方面面的会话 ; 伝语阅读, 包括读古诗词和现代文阅读等。彻底结束了伝语没有自己的文字, 而只能转用汉字的历史 ; 有效地解决了汉字不能充分、真实地记录伝语的缺陷。 | |
| 333 | @a本教程适用于伝语学术研究、专业培训、教学及自学 | |
| 606 | 0 | @a粤语@Ayue yu@x语音@j教材 |
| 690 | @aH178@v5 | |
| 701 | 0 | @a阿茂儿@Aa mao er@4编著 |
| 801 | 0 | @aCN@bBJXHZP@c20230228 |
| 905 | @b1386829-32@dH178@e109@f4 | |
| 伝语 (吴川话) 基础语音教程/阿茂儿编著.-哈尔滨:哈尔滨出版社,2021.08 |
| 297页;24cm |
| 使用对象:本教程适用于伝语学术研究、专业培训、教学及自学 |
| ISBN 978-7-5484-5855-5:CNY80.00 |
| 本书内容为: 伝语 (吴川话) 的语音基础, 包括其发音音素, 拼读方式等 ; 伝语的日常会话, 包括问候语、时间表达、购物、教育等方方面面的会话 ; 伝语阅读, 包括读古诗词和现代文阅读等。彻底结束了伝语没有自己的文字, 而只能转用汉字的历史 ; 有效地解决了汉字不能充分、真实地记录伝语的缺陷。 |
| ● |
| 相关链接 |
|
|
|
|
正题名:伝语 (吴川话) 基础语音教程
索取号:H178/109
 
预约/预借
| 序号 | 登录号 | 条形码 | 馆藏地/架位号 | 状态 | 备注 |
| 1 | 1386829 | 213868297 | 第二样本阅览室/ [索取号:H178/109] | 在馆 | |
| 2 | 1386830 | 213868304 | 第四借阅区/ [索取号:H178/109] | 在馆 | |
| 3 | 1386831 | 213868313 | 第四借阅区/ [索取号:H178/109] | 在馆 | |
| 4 | 1386832 | 213868322 | 第四借阅区/ [索取号:H178/109] | 在馆 |